All Georgia Cities on a Map - Statistics

General Stats
  • This quiz has been taken 26 times
    15 since last reset
  • The average score is 54 of 661
Answers on the Map
Answers color-coded by a green-red scale on the quiz's map according to % correct below.
 
Answer Stats
City Population % Correct
Athens 129,995
100%
Atlanta 520,070
100%
Augusta 206,303
100%
Macon 157,056
100%
Savannah 148,808
100%
Columbus 201,830
89%
Sandy Springs 105,505
67%
South Fulton 112,003
67%
Alpharetta 67,275
56%
Dalton 34,970
56%
Marietta 63,122
56%
Peachtree City 40,758
56%
Plains 525
56%
Rome 38,747
56%
Roswell 92,227
56%
Warner Robins 86,199
56%
Cartersville 25,082
44%
Gainesville 47,712
44%
Johns Creek 81,167
44%
Kennesaw 37,740
44%
Tifton 17,385
44%
Valdosta 55,667
44%
Washington 3,623
44%
Acworth 22,624
33%
Albany 66,705
33%
Canton 38,049
33%
Chamblee 32,321
33%
Cumming 10,175
33%
Dallas 15,062
33%
Dawson 4,180
33%
Decatur 24,482
33%
Duluth 33,157
33%
Forsyth 4,895
33%
Helen 630
33%
Hinesville 36,583
33%
Jackson 5,867
33%
Lawrenceville 31,877
33%
Madison 5,131
33%
McDonough 32,803
33%
Newnan 45,548
33%
Norcross 18,902
33%
Ringgold 3,425
33%
Smyrna 57,177
33%
Statesboro 35,226
33%
Suwanee 23,062
33%
Thomasville 18,604
33%
White 633
33%
Adairsville 5,029
22%
Alma 3,362
22%
Americus 15,742
22%
Austell 8,244
22%
Ball Ground 3,311
22%
Blairsville 849
22%
Brookhaven 59,370
22%
Brunswick 15,520
22%
Buford 18,642
22%
Carrollton 28,306
22%
Cedartown 10,313
22%
Conyers 20,111
22%
Cordele 9,767
22%
Covington 15,302
22%
Dahlonega 7,830
22%
Dawsonville 4,875
22%
Douglas 11,828
22%
Douglasville 40,540
22%
Dunwoody 51,795
22%
Eatonton 6,641
22%
Ellijay 1,923
22%
Flowery Branch 12,292
22%
Fort Oglethorpe 10,614
22%
Greenville 819
22%
Grovetown 17,843
22%
Hampton 9,201
22%
Harlem 4,076
22%
Hiram 5,520
22%
Jacksonville 104
22%
Jasper 5,289
22%
Jefferson 16,459
22%
Jesup 10,235
22%
Lithia Springs 16,138
22%
Louisville 2,223
22%
Mableton 78,314
22%
Martin 348
22%
Martinez 33,019
22%
Milledgeville 16,664
22%
Monroe 16,270
22%
Oconee 183
22%
Peachtree Corners 42,638
22%
Pooler 31,171
22%
Rockmart 5,284
22%
Royston 2,665
22%
Snellville 22,336
22%
Social Circle 5,415
22%
Sparta 1,316
22%
Springfield 3,223
22%
St. Marys 20,119
22%
Stone Mountain 6,552
22%
Swainsboro 7,556
22%
The Rock 30
22%
Thomaston 9,850
22%
Thomson 6,792
22%
Toccoa 9,389
22%
Tucker 37,224
22%
Tybee Island 3,139
22%
Union City 28,195
22%
Vidalia 10,853
22%
Vinings 13,538
22%
Warm Springs 445
22%
Waynesboro 5,555
22%
Winder 20,628
22%
Woodstock 39,381
22%
Allentown 190
11%
Andersonville 237
11%
Appling 751
11%
Auburn 10,094
11%
Bainbridge 14,586
11%
Barnesville 6,343
11%
Bartow 178
11%
Baxley 4,943
11%
Berkeley Lake 2,030
11%
Berlin 528
11%
Bethlehem 793
11%
Blackshear 3,658
11%
Blakely 5,142
11%
Blue Ridge 1,246
11%
Bogart 1,343
11%
Boston 1,235
11%
Bostwick 400
11%
Braselton 17,390
11%
Buckhead 4,843
11%
Butler 1,827
11%
Byron 6,305
11%
Cairo 10,057
11%
Calhoun 19,592
11%
Carl 229
11%
Carnesville 771
11%
Cataula 1,898
11%
Centerville 9,021
11%
Chatsworth 4,943
11%
Chattahoochee Hills 3,451
11%
Chickamauga 3,014
11%
Clarkston 14,416
11%
Clayton 2,090
11%
Clermont 1,141
11%
Cochran 4,836
11%
College Park 13,953
11%
Colquitt 1,936
11%
Commerce 8,803
11%
Crawford 898
11%
Cusseta 8,548
11%
Dacula 8,018
11%
Darien 1,747
11%
Doraville 12,436
11%
Druid Hills 8,278
11%
Dublin 16,233
11%
East Dublin 2,507
11%
East Ellijay 1,625
11%
East Point 38,270
11%
Elberton 4,760
11%
Ellaville 1,513
11%
Euharlee 4,139
11%
Evans 37,718
11%
Fayetteville 20,419
11%
Fitzgerald 8,813
11%
Flovilla 700
11%
Forest Park 19,301
11%
Fort Valley 9,023
11%
Franklin 980
11%
Garden City 10,536
11%
Gay 116
11%
Geneva 72
11%
Georgetown 11,606
11%
Gray 3,541
11%
Grayson 5,252
11%
Greensboro 3,573
11%
Griffin 23,994
11%
Guyton 3,059
11%
Hamilton 1,799
11%
Hapeville 6,712
11%
Harrison 324
11%
Hartwell 4,701
11%
Hawkinsville 4,854
11%
Hiawassee 1,046
11%
Hogansville 3,222
11%
Holly Springs 20,133
11%
Homer 1,810
11%
Hoschton 6,723
11%
Irondale 8,722
11%
Jeffersonville 926
11%
Jonesboro 6,084
11%
Juliette 103
11%
Knoxville 103
11%
LaFayette 7,028
11%
LaGrange 33,564
11%
Lake City 2,889
11%
Lavonia 2,165
11%
Leesburg 3,574
11%
Lexington 217
11%
Lilburn 16,210
11%
Lincolnton 1,431
11%
Lithonia 2,581
11%
Locust Grove 11,749
11%
Loganville 16,862
11%
Lookout Mountain 1,657
11%
Lula 3,043
11%
Manchester 3,624
11%
Mansfield 494
11%
Maysville 2,240
11%
Metter 4,021
11%
Milton 41,490
11%
Montezuma 2,903
11%
Montgomery 4,704
11%
Monticello 2,969
11%
Morgan 1,826
11%
Moultrie 14,756
11%
Mountain Park 13,676
11%
Nashville 4,950
11%
Newton 560
11%
North Decatur 18,460
11%
North Druid Hills 18,172
11%
Oakwood 6,759
11%
Oglethorpe 957
11%
Pearson 1,898
11%
Pelham 3,385
11%
Pendergrass 1,856
11%
Perry 24,792
11%
Powder Springs 19,632
11%
Pulaski 209
11%
Redan 30,426
11%
Rest Haven 43
11%
Richland 1,449
11%
Richmond Hill 19,839
11%
Rincon 11,701
11%
Riverdale 14,586
11%
Roberta 792
11%
Salem 372
11%
Scottdale 10,398
11%
Screven 821
11%
Senoia 6,101
11%
Sharpsburg 326
11%
Skidaway Island 8,907
11%
Soperton 2,933
11%
Statham 3,247
11%
Stockbridge 35,893
11%
Stonecrest 61,015
11%
St. Simons 16,026
11%
Sugar Hill 28,598
11%
Summerville 4,421
11%
Sumner 433
11%
Sylvania 2,655
11%
Sylvester 5,413
11%
Talbotton 738
11%
Tallapoosa 3,164
11%
Talmo 290
11%
Trenton 2,205
11%
Twin City 1,767
11%
Villa Rica 20,095
11%
Waco 592
11%
Walnut Grove 1,649
11%
Watkinsville 3,897
11%
Waycross 13,671
11%
West Point 3,602
11%
Wildwood 244
11%
Woodbine 1,054
11%
Yatesville 509
11%
Young Harris 799
11%
Zebulon 1,330
11%
Abbeville 2,845
0%
Adel 5,752
0%
Adrian 557
0%
Ailey 527
0%
Alamo 2,818
0%
Alapaha 493
0%
Aldora 189
0%
Allenhurst 868
0%
Alston 175
0%
Alto 1,011
0%
Ambrose 343
0%
Antioch 769
0%
Arabi 455
0%
Aragon 1,503
0%
Arcade 2,021
0%
Argyle 193
0%
Arlington 1,137
0%
Arnoldsville 469
0%
Ashburn 4,239
0%
Attapulgus 446
0%
Avalon 242
0%
Avera 214
0%
Avondale Estates 3,526
0%
Axson 219
0%
Baconton 845
0%
Baldwin 4,217
0%
Barwick 361
0%
Bellville 125
0%
Belvedere Park 14,422
0%
Bemiss 8,464
0%
Berry College 1,712
0%
Between 475
0%
Bishop 349
0%
Bloomingdale 3,100
0%
Bluffton 117
0%
Bolingbroke 352
0%
Bonanza 3,567
0%
Bowdon 2,238
0%
Bowersville 427
0%
Bowman 865
0%
Box Springs 189
0%
Boykin 20
0%
Braswell 368
0%
Bremen 7,647
0%
Brinson 216
0%
Bristol 66
0%
Bronwood 311
0%
Brooklet 2,063
0%
Brooks 584
0%
Broxton 1,076
0%
Buchanan 956
0%
Buena Vista 1,586
0%
Byromville 346
0%
Cadwell 421
0%
Calvary 184
0%
Camak 131
0%
Camilla 5,029
0%
Candler-McAfee 21,316
0%
Canon 705
0%
Canoochee 85
0%
Carlton 308
0%
Cave Spring 1,215
0%
Cecil 285
0%
Centralhatchee 363
0%
Chattanooga Valley 4,298
0%
Chauncey 286
0%
Chester 1,479
0%
Clarkesville 2,159
0%
Claxton 2,543
0%
Cleveland 3,583
0%
Climax 269
0%
Clyattville 148
0%
Cobbtown 339
0%
Cogdell 27
0%
Cohutta 848
0%
Colbert 676
0%
Coleman 17
0%
Collins 542
0%
Comer 1,626
0%
Concord 415
0%
Conley 5,404
0%
Coolidge 544
0%
Cornelia 5,371
0%
Country Club Estates 9,575
0%
Crawfordville 495
0%
Crescent 852
0%
Crooked Creek 569
0%
Culloden 205
0%
Cuthbert 2,912
0%
Daisy 157
0%
Damascus 203
0%
Danielsville 868
0%
Danville 160
0%
Dasher 939
0%
Davisboro 1,946
0%
Dearing 535
0%
Deenwood 2,340
0%
Deepstep 112
0%
Demorest 2,189
0%
Denton 191
0%
De Soto 120
0%
Dewy Rose 205
0%
Dexter 675
0%
Dillard 337
0%
Dixie 138
0%
Dixie Union 56
0%
Dock Junction 8,786
0%
Doerun 729
0%
Donalsonville 2,864
0%
Dooling 67
0%
Dudley 596
0%
Du Pont 134
0%
Dutch Island 1,353
0%
Eagle Grove 23
0%
East Griffin 1,219
0%
Eastman 5,513
0%
East Newnan 486
0%
Edge Hill 26
0%
Edison 1,157
0%
Ellenton 219
0%
Ellerslie 1,036
0%
Emerson 2,192
0%
Empire 447
0%
Enigma 1,112
0%
Ephesus 496
0%
Epworth 1,509
0%
Eton 851
0%
Eulonia 871
0%
Everett 68
0%
Experiment 3,165
0%
Faceville 248
0%
Fairburn 17,267
0%
Fairfield Plantation 6,231
0%
Fairmount 766
0%
Fair Oaks 10,392
0%
Fairplay 1,628
0%
Fairview 5,620
0%
Fargo 263
0%
Flemington 870
0%
Folkston 4,701
0%
Fort Gaines 978
0%
Fort Stewart 9,976
0%
Franklin Springs 1,181
0%
Funston 421
0%
Gardi 22
0%
Garfield 250
0%
Gibson 644
0%
Gillsville 406
0%
Girard 184
0%
Glenn 16
0%
Glennville 5,104
0%
Glenwood 817
0%
Godfrey 169
0%
Good Hope 395
0%
Gordon 1,720
0%
Gough 140
0%
Graham 269
0%
Grantville 3,281
0%
Gresham Park 7,544
0%
Gumbranch 258
0%
Gumlog 2,303
0%
Hagan 952
0%
Hahira 3,559
0%
Hannahs Mill 3,335
0%
Haralson 198
0%
Hardwick 3,226
0%
Hazlehurst 4,124
0%
Henderson 2,591
0%
Heron Bay 4,561
0%
Hickox 304
0%
Higgston 309
0%
Hilltop 251
0%
Hiltonia 322
0%
Hoboken 505
0%
Homeland 907
0%
Homerville 2,357
0%
Hortense 236
0%
Hull 241
0%
Ideal 393
0%
Ila 384
0%
Indian Springs 1,951
0%
Iron City 313
0%
Irwinton 538
0%
Isle of Hope 1,945
0%
Ivey 1,009
0%
Jakin 132
0%
Jekyll Island 1,078
0%
Jenkinsburg 419
0%
Jersey 154
0%
Junction City 140
0%
Kennesaw State University 2,455
0%
Keysville 317
0%
Kings Bay Base 2,394
0%
Kingsland 20,789
0%
Kingston 1,100
0%
Kite 159
0%
Lakeland 3,032
0%
Lake Park 1,558
0%
Lakeview 4,760
0%
Lakeview Estates 3,057
0%
Leary 497
0%
Lenox 746
0%
Leslie 337
0%
Lilly 130
0%
Lincoln Park 762
0%
Lindale 4,611
0%
Lone Oak 118
0%
Lovejoy 12,612
0%
Ludowici 1,802
0%
Lumber City 966
0%
Lumpkin 944
0%
Luthersville 838
0%
Lyerly 463
0%
Lyons 4,253
0%
Manassas 61
0%
Manor 170
0%
Marshallville 983
0%
Matthews 201
0%
Maxeys 219
0%
McCaysville 1,165
0%
McIntyre 555
0%
McRae-Helena 5,186
0%
Meansville 285
0%
Meigs 944
0%
Mendes 197
0%
Menlo 484
0%
Mershon 46
0%
Midville 381
0%
Midway 2,358
0%
Milan 608
0%
Millen 2,980
0%
Millwood 76
0%
Milner 807
0%
Milstead 917
0%
Mineral Bluff 332
0%
Mitchell 160
0%
Molena 421
0%
Montrose 209
0%
Moody AFB 1,570
0%
Moreland 389
0%
Morganton 294
0%
Morrow 6,262
0%
Morven 506
0%
Mountain City 964
0%
Mount Airy 1,493
0%
Mount Vernon 1,838
0%
Mount Zion 2,054
0%
Nahunta 1,036
0%
Naylor 215
0%
Nelson 1,171
0%
Newborn 752
0%
New England 473
0%
Newington 299
0%
Nicholls 2,909
0%
Nicholson 1,918
0%
Norman Park 1,001
0%
Norristown 19
0%
North High Shoals 561
0%
Norwood 195
0%
Nunez 134
0%
Oak Park 512
0%
Ochlocknee 681
0%
Ocilla 2,917
0%
Odum 495
0%
Offerman 467
0%
Ohoopee 20
0%
Oliver 223
0%
Omega 1,324
0%
Orchard Hill 231
0%
Oxford 2,310
0%
Palmetto 5,213
0%
Panthersville 8,840
0%
Parrott 108
0%
Patterson 777
0%
Pavo 603
0%
Pembroke 2,744
0%
Perkins 56
0%
Phillipsburg 507
0%
Pinehurst 305
0%
Pine Lake 752
0%
Pine Mountain 1,288
0%
Pineview 469
0%
Piney Grove 558
0%
Pitts 244
0%
Plainville 357
0%
Portal 678
0%
Porterdale 1,941
0%
Port Wentworth 14,865
0%
Poulan 724
0%
Putney 3,244
0%
Quitman 4,061
0%
Ranger 82
0%
Raoul 2,211
0%
Ray City 1,045
0%
Rayle 157
0%
Rebecca 206
0%
Reed Creek 2,672
0%
Register 166
0%
Reidsville 2,555
0%
Remerton 1,298
0%
Rentz 316
0%
Resaca 1,137
0%
Reynolds 895
0%
Rhine 287
0%
Riceboro 663
0%
Riddleville 79
0%
Robins AFB 1,187
0%
Rochelle 1,155
0%
Rockingham 135
0%
Rock Spring 1,310
0%
Rocky Ford 168
0%
Roopville 244
0%
Rossville 3,942
0%
Russell 1,335
0%
Rutledge 929
0%
Sale City 351
0%
Sandersville 5,500
0%
Santa Claus 206
0%
Sardis 1,007
0%
Sasser 270
0%
Satilla 847
0%
Sautee-Nacoochee 507
0%
Scotland 174
0%
Seville 32
0%
Shady Dale 296
0%
Shannon 1,618
0%
Sharon 108
0%
Shellman 822
0%
Shiloh 429
0%
Siloam 190
0%
Sky Valley 491
0%
Smarr 216
0%
Smithville 621
0%
Sparks 2,068
0%
Stapleton 397
0%
Sterling 1,849
0%
Stillmore 447
0%
Stockton 185
0%
Summertown 119
0%
Sunnyside 603
0%
Sunset Village 809
0%
Surrency 198
0%
Sycamore 743
0%
Talahi Island 1,028
0%
Talking Rock 111
0%
Tallulah Falls 210
0%
Tarrytown 63
0%
Taylorsville 265
0%
Tazewell 83
0%
Temple 6,406
0%
Tennille 1,846
0%
Thunderbolt 2,536
0%
Tiger 430
0%
Tignall 498
0%
Toomsboro 376
0%
Trion 1,972
0%
Tunnel Hill 986
0%
Turin 590
0%
Tyrone 8,038
0%
Ty Ty 644
0%
Unadilla 3,200
0%
Union Point 1,830
0%
Unionville 1,670
0%
Uvalda 433
0%
Varnell 2,289
0%
Vernonburg 140
0%
Vidette 103
0%
Vienna 2,914
0%
Wadley 1,576
0%
Waleska 978
0%
Walthourville 3,945
0%
Waresboro 197
0%
Warrenton 1,887
0%
Warthen 184
0%
Warwick 491
0%
Waverly 172
0%
Waverly Hall 664
0%
Waynesville 979
0%
Wenona 233
0%
West Brow 1,243
0%
Whigham 388
0%
Whitemarsh Island 6,918
0%
White Plains 276
0%
Whitesburg 630
0%
Willacoochee 1,258
0%
Williamson 747
0%
Wilmington Island 14,457
0%
Woodbury 863
0%
Woodland 303
0%
Woodville 305
0%
Woolsey 209
0%
Wrens 2,099
0%
Wrightsville 3,543
0%
Yonah 191
0%
No matching quizzes found
Score Distribution
Percent of People with Each Score
Percentile by Number Answered
Your Score History
You have not taken this quiz since the last reset